LEADER 01307cam2 22003011 450 001 SOBE00021929 005 20260108134315.0 100 $a20120126d1991 |||||ita|0103 ba 101 $aita 102 $aIT 200 1 $a<>Canone di Avicenna fra Europa e Oriente nel primo Cinquecento : l'Interpretatio Arabicorum nominum di Andrea Alpago / a cura di Giorgio Vercellin 210 $aTorino$cUTET$d1991 215 $a142 p.$cill.$d25 cm 461 1$1001SOBE00083128$12000 $aStrenna Utet 700 1$aAlpago$b, Andrea$3SOBA00002565$4070$0774538 702 1$aVercellin, Giorgio$3AF00011175$4070 702 0$aAvicenna$3AF00005997$4070 801 0$aIT$bUNISOB$c20260108$gRICA 850 $aUNISOB 852 $aUNISOB$j000|Coll|54|K$m75218 852 $aUNISOB$jFondo|Calì$m184496 912 $aSOBE00021929 940 $aM 102 Monografia moderna SBN 941 $aM 957 $a000|Coll|54|K$b000028$gSI$d75218$racquisto$tN$1vittorini$2UNISOB$3UNISOB$420120126161456.0$520120326092803.0$6vittorini 957 $aFondo|Calì$b002075$gSI$d184496$n20260623$hCali$rDono$tN$1rovito$2UNISOB$3UNISOB$420260108134143.0$520260108134315.0$6rovito 996 $aCanone di Avicenna fra Europa e Oriente nel primo Cinquecento : l'Interpretatio Arabicorum nominum di Andrea Alpago$91719309 997 $aUNISOB LEADER 01209nam0 22002891i 450 001 UON00232250 005 20231205103508.177 010 $a88-464-3248-7 100 $a20030730d2001 |0itac50 ba 101 $aita 102 $aIT 105 $a|||| 1|||| 200 1 $aˆIl ‰ciclo integrato delle acque$eRegole di mercato e modelli operativi a confronto$eAtti di Convegno, 15 dicembre 2000$fa cura di Antonio Massarutto 210 $aMilano$cFranco Angeli$d2001 215 $a167 p.$d24 cm. 410 1$1001UON00177116$12001 $aCollana della Società Economica Valtellinese.$v1508.3 606 $aAcque$xUtilizzazione$3UONC034475$2FI 606 $aRisorse idriche$3UONC045321$2FI 620 $aIT$dMilano$3UONL000005 702 1$aMassarutto$bAntonio$3UONV140771 712 $aAngeli$3UONV277541$4650 801 $aIT$bSOL$c20260116$gRICA 899 $aSIBA - SISTEMA BIBLIOTECARIO DI ATENEO E ARCHIVIO STORICO$2UONSI 912 $aUON00232250 950 $aSIBA - SISTEMA BIBLIOTECARIO DI ATENEO E ARCHIVIO STORICO$dSI 2.0 0040 $eSI SC 37386 5 0040 $sBuono 996 $aCiclo integrato delle acque$9947647 997 $aUNIOR